000 01671nam a2200349 i 4500
003 DO-SdBNP
005 20250617103025.0
007 ta
008 181122s2001 dr 001 0 spa d
040 _aDO-SdBNP
_bspa
_cBNPHU
_erda
082 4 _a343.7293046
_bR426Le, 2001
_222
110 1 _aRepública Dominicana.
_911088
240 _a[Leyes, etc.]
245 1 0 _aLey no. 241 de tránsito de vehículos :
_b(con legislación complementaria y jurisprudencia) /
_cprólogo, Jorge A. Subero Isa
246 1 4 _aLey no. 241 régimen jurídico de tránsito de vehículos (con legislación complementaria y jurisprudencia) ; edición actualizada y adaptada para estudio con las leyes Nos. 114-99, 80-99 y 143-01 prohíbe uso celular
250 _aQuinta edición revisada, actualizada y ampliada
264 1 _aMoca, República Dominicana :
_bDalis,
_c2001.
300 _a198 páginas ;
_c23 cm.
336 _atexto
_btxt
_2rdacontent
337 _asin mediación
_bn
_2rdamedia
338 _avolumen
_bnc
_2rdacarrier
500 _aIncluye índice alfabético.
500 _aLey que prohíbe uso celulares o móvil conduciendo.
500 _aNormas generales de la DGII No. 07-01 y No. 07-01.
500 _aactualizada y mod. por la ley No. 114-99 en los arts. 49; 51; 52; 109 (sanciona los arts. 105, 106, 107, 108); 153 y 161. y anexo del art. 2 de la ley No. 80-99.
590 _aInventariado, 2023/ YL
650 4 _aReglamentos de tránsito
_zRepública Dominicana
_977295
650 4 _aTransporte automotriz
_xLegislación
_zRepública Dominicana
_975014
700 1 _aSubero Isa, Jorge A.,
_eprologuista
_4pr.
_965694
910 _aYLockward
942 _2ddc
_cLBS1
999 _c55555
_d55555